1418 1018 1794 1166 1269 1019 1005 1141 1590 1388 1789 1359 1788 1733 1681 1860 1127 1207 1766 1835 1720 1243 1258 1012 1280 1113 1386 1646 1138 1541 1271 1918 1279 1320 1499 1079 1008 1945 1706 1114 1358 1055 1701 1918 1080 1657 1861 1750 1699 1183 1225 1417 1585 1501 1317 1278 1844 1419 1036 1382 1797 1468 1614 1796 1288 1510 1242 1748 1287 1119 1864 1280 1732 1251 1036 1885 1672 1490 1570 1598 1264 1371 1034 1334 1367 1927 1851 1939 1907 1351 1822 1777 1587 1780 1552 1014 1486 1323 1505 BCNSPRNW ULIB Ver.6.0+V

เปลี่ยนเป็นภาษาไทย

Change to English
 แสดงรายละเอียดบรรณานุกรม
  กลับหน้าหลัก

Brief Record : Get Marc (ISO 2709) : E-mail record : QR code < ปิดหน้าต่าง
LEADER : 00000nam 2200000uu 4500
001    13399112622
003     ULIB
008    110829s2550||||th 000 0 tha d
020    9789741107698
050  4 HV5740^bศ159ส 2550
100 0  ศรัณญา เบญจกุล
245 00 สถานการณ์การบริโภคยาสูบของประชากรไทย พ.ศ. 2534-2549 /^cคณะผู้จัดทำ ศรัณญา เบญจกุล ... [และคนอื่นๆ]
250    พิมพ์ครั้งที่ 1
260    กรุงเทพฯ :^bศูนย์วิจัยและจัดการความรู้เพื่อการควบคุมยาสูบ (ศจย.),^c2550
300    xix, 244 หน้า :^bภาพประกอบ ;^c25 ซม.
650  4 การสูบบุหรี่^xวิจัย
650  4 บุหรี่^xวิจัย
650  4 ยาสูบ^xวิจัย
700 0  ศรัณญา เบญจกุล
710 2  ศูนย์วิจัยและจัดการความรู้เพื่อการควบคุมยาสูบ (ศจย.)
945    ^p0^l0^i023167
945    ^p0^l0^i023168
945    ^p0^l0^i023169
995    ทศพร
999 ^a ทศพร
รายการนี้ยังไม่มีแท็ก
คุณยังไม่ได้ล็อกอิน คุณสามารถมีกิจกรรมร่วมกับเว็บไซต์ได้ แต่ต้องล็อกอินก่อน ::
  ล็อกอิน

รายการสื่อสารสนเทศ

ลำดับที่ ประเภท เลขเรียก/บาร์โค้ด สถานที่ สถานะ
- ไม่พบข้อมูล -

รายการใกล้เคียง
    ผู้แต่ง [ศรัณญา เบญจกุล]

BibComment


ยังไม่เคยถูกคอมเมนท์

คอมเมนท์ทรัพยากรรายการนี้
  คอมเมนท์: สถานการณ์การบริโภ..


 Copyright 2026. Bcnsprnw @Library